00927nam a2200205 a 450000100100000000500170001000800410002704000250006824501040009326000510019730000360024850000730028459000750035770000280043270000300046070000270049004900090051795201780052699900170070400003580620200930074628.0111114s2004 gu 000 0 spa d aDO-SdBNPbspacBNPHU00aGuatemala un pueblo en lucha /ccolaboradores de Eduardo Galeano,José González, Antonio Campos. a[Guatemala] :bEdiciones Solidaridad,c[200?]. a279 p. :bil., retrs. ;c21 cm. aIncluye referencias bibliográficas y notas al pie de las páginas aPerteneció a la biblioteca personal de Juan Isidro Jimenes Grullón1 aGaleano, Eduardo9617571 aGonzález, José9453391 aCampos, Antonio961758 aBNPD 001050718MOaGRbGRcCTd2011-11-14iLF1l0o p35806-10r2020-06-25w2020-06-25y1zPerteneció a la biblioteca personal de Juan Isidro Jimenes Grullón.ZNo se presta c35297d35297